Missing Word: High Grossing Animated Movies Quiz Stats

Quiz Updated Mar 5, 2016

Challenge
Share
Tweet
Embed
Score 0/24 Timer 03:00
8 Plays Today
Movie Missing Word % Correct
Toy ______Story
99.8%
Beauty and the ______Beast
99.1%
Finding ______Nemo
98.7%
Kung Fu ______Panda
98.5%
A ______ CarolChristmas
96.7%
Monsters, ______Inc.
96.7%
______ of Notre DameHunchback
95.1%
The Polar ______Express
94.7%
Lilo and ______Stitch
94.5%
______ AgeIce
94.2%
______ FeetHappy
93.4%
Cloudy with a Chance of ______Meatballs
90.8%
Movie Missing Word % Correct
The ______ and the FrogPrincess
90.5%
How to Train Your ______Dragon
90.1%
______ Hears a Who!Horton
89.6%
The ______ KingLion
86.6%
Shark ______Tale
85.3%
A ______ LifeBug's
84.8%
Who ______ Roger RabbitFramed
82.3%
______ RunChicken
67.3%
Bee ______Movie
67%
Over the ______Hedge
63.2%
______ MeDespicable
55.6%
______ AwaySpirited
22.8%

Today's Daily Dose

You're not logged in!

Compare scores with friends on all Sporcle quizzes.
Join for Free
OR
Log In

You Might Also Like...

Show Comments

Extras

Top Quizzes Today


Score Distribution

Your Account Isn't Verified!

In order to create a playlist on Sporcle, you need to verify the email address you used during registration. Go to your Sporcle Settings to finish the process.

Report this User

Report this user for behavior that violates our Community Guidelines.

Details: